[Event "FIDE Grand Prix 1 Pool D"]
[Site "Berlin GER"]
[Date "2022.02.04"]
[Round "1.2"]
[White "Shirov,A"]
[Black "Harikrishna,P"]
[Result "1/2-1/2"]
[WhiteElo "2704"]
[BlackElo "2717"]

1.e4 c6 2.d4 d5 3.e5 Bf5 4.Nf3 e6 5.Be2 c5 6.Be3 Qb6 7.Nc3 Nc6 8.O-O Qxb2
9.Qe1 cxd4 10.Bxd4 Nxd4 11.Nxd4 Bb4 12.Rb1 Bxc3 13.Rxb2 Bxe1 14.Rxe1 b6 15.h4 h5
16.Nxf5 exf5 17.c4 Ne7 18.Rd2 O-O-O 19.f4 dxc4 20.Rxd8+ Rxd8 21.Bxc4 Nd5
22.Rc1 Kb7 23.g3 Rd7 24.Rd1 Kc6 25.a4 Kc5 26.Bb3 a6 27.Kf2 Kc6 28.Rc1+ Kb7
29.Rd1 Kc6 30.Rc1+ Kb7 31.Rd1  1/2-1/2

[Event "FIDE Grand Prix 1 Pool A"]
[Site "Berlin GER"]
[Date "2022.02.04"]
[Round "1.1"]
[White "Esipenko,Andrey"]
[Black "Grischuk,A"]
[Result "1/2-1/2"]
[WhiteElo "2714"]
[BlackElo "2764"]

1.d4 Nf6 2.c4 e6 3.Nf3 d5 4.g3 Be7 5.Bg2 O-O 6.b3 dxc4 7.bxc4 c5 8.O-O cxd4
9.Nxd4 a6 10.Ba3 Bxa3 11.Nxa3 Qc7 12.Qc1 Bd7 13.Rd1 Ba4 14.Rd2 Nbd7 15.Rb1 Nc5
16.Nb3 Rad8 17.Rxd8 Rxd8 18.Qe3 Nxb3 19.axb3 Bc6 20.b4 h6 21.Bxc6 Qxc6 22.f3 b5
23.cxb5 axb5 24.Qc5 Qa6 25.Ra1 Rc8 26.Qd4 Qa4 27.Qb2 Nd5 28.Qb1 Nxb4 29.Kg2 g6
30.Qb2 Nc2 31.Nxc2 Rxc2 32.Qf6 Rxe2+ 33.Kh3 Ra2 34.Rc1 Rc2 35.Ra1 Ra2 36.Rc1 Rc2
37.Ra1 Ra2 38.Rc1  1/2-1/2

[Event "FIDE Grand Prix 1 Pool D"]
[Site "Berlin GER"]
[Date "2022.02.04"]
[Round "1.1"]
[White "So,W"]
[Black "Dominguez Perez,L"]
[Result "1/2-1/2"]
[WhiteElo "2772"]
[BlackElo "2752"]

1.d4 d5 2.c4 dxc4 3.e4 b5 4.a4 c6 5.axb5 cxb5 6.Nc3 Qb6 7.b3 e6 8.bxc4 Bb4
9.Bd2 bxc4 10.Nf3 Ne7 11.Bxc4 O-O 12.O-O a5 13.d5 Ba6 14.Na4 Qd8 15.Bxa6 Rxa6
16.dxe6 Rxe6 17.Bxb4 axb4 18.Qxd8 Rxd8 19.Nc5 Rc6 20.Rfc1 Rdc8 21.Nb3 Rxc1+
22.Rxc1 Rxc1+ 23.Nxc1 f5 24.exf5 Nxf5 25.Kf1 Nc6 26.Ke2 Kf7 27.Kd3 Nd6 28.Ne2 Kf6
29.Ned4 Nxd4 30.Nxd4 Nf5 31.Nf3 Nd6 32.Nd4 Nf5 33.Nf3 Nd6 34.Nd4  1/2-1/2

[Event "FIDE Grand Prix 1 Pool C"]
[Site "Berlin GER"]
[Date "2022.02.04"]
[Round "1.1"]
[White "Aronian,L"]
[Black "Vidit,S"]
[Result "1-0"]
[WhiteElo "2772"]
[BlackElo "2727"]

1.d4 Nf6 2.c4 e6 3.Nc3 Bb4 4.e3 O-O 5.Bd3 d5 6.cxd5 exd5 7.a3 Bd6 8.Qc2 c6
9.Nge2 Re8 10.Bd2 b6 11.O-O Ba6 12.Kh1 c5 13.Rad1 g6 14.Qb1 Bb7 15.Nf4 Nbd7
16.f3 Nf8 17.b4 cxd4 18.exd4 Bxf4 19.Bxf4 Nh5 20.Be5 f6 21.Bg3 Nxg3+ 22.hxg3 Qc7
23.Ne2 Re3 24.Qa2 Rae8 25.Qd2 Qd6 26.Rc1 R3e7 27.Bb5 Rc8 28.Rxc8 Bxc8 29.Qf4 Qxf4
30.Nxf4 Bb7 31.Kg1 Kf7 32.Kf2 Ne6 33.Rh1 h5 34.Bd3 Nxf4 35.gxf4 Rc7 36.f5 g5
37.Rxh5 Kg7 38.Rh1 Rc3 39.Ke2 Bc6 40.Ra1 Bd7 41.Kd2 Rc8 42.b5 Rh8 43.g4 Rc8
44.a4 Kf8 45.a5 Ke7 46.axb6 axb6 47.Ra7 Rb8 48.Ke3 Kd6 49.f4 Re8+ 50.Kf3 gxf4
51.Kxf4 Bxb5 52.Bxb5 Re4+ 53.Kf3 Rf4+ 54.Ke3 Re4+ 55.Kf2 Rf4+ 56.Ke1 Rxd4
57.Ra4 Rxa4 58.Bxa4 Ke5 59.Kd2 Kf4 60.Bd1 d4 61.Kd3 Ke5 62.Kc4 Ke4 63.Bc2+ Ke3
64.Bb1  1-0

[Event "FIDE Grand Prix 1 Pool B"]
[Site "Berlin GER"]
[Date "2022.02.04"]
[Round "1.2"]
[White "Wojtaszek,R"]
[Black "Rapport,R"]
[Result "1-0"]
[WhiteElo "2686"]
[BlackElo "2763"]

1.d4 e6 2.c4 Bb4+ 3.Bd2 a5 4.Nf3 Nf6 5.g3 d5 6.Bg2 dxc4 7.Qc2 c5 8.a3 Bxd2+
9.Nbxd2 cxd4 10.Nxc4 O-O 11.Qd3 Nc6 12.O-O Ra6 13.Rfd1 b5 14.Nce5 Bb7 15.Nxc6 Bxc6
16.Qxd4 Qa8 17.Rac1 h6 18.Bf1 Bd5 19.Ne5 Qb8 20.f3 Rd6 21.Qc5 Ra6 22.Qc7 Bc4
23.Qxb8 Rxb8 24.e4 Rab6 25.Rd2 g5 26.g4 Kg7 27.Bxc4 bxc4 28.Nxc4 Rb3 29.Kf2 a4
30.Rcc2 h5 31.h3 hxg4 32.hxg4 Rh8 33.Ne5 Rb5 34.Nd3 Rh2+ 35.Kf1 Rxd2 36.Rxd2 Nd7
37.Ke2 Kf6 38.Rc2 Rb8 39.Rc4 Ne5 40.Rb4 Rxb4 41.Nxb4 Nc4 42.Nd3 Ke7 43.Kd1 Kd6
44.Kc2 Kc6 45.Kc3 Kb5 46.Kd4 f6 47.e5 f5 48.gxf5 exf5 49.e6 g4 50.e7 Nd6
51.Kd5 Ne8 52.f4 g3 53.Ne1 Ng7 54.Ng2 Kb6 55.Kd6 Kb5 56.Ne3 Kb6 57.Kd7 Kc5
58.e8=Q  1-0

[Event "FIDE Grand Prix 1 Pool B"]
[Site "Berlin GER"]
[Date "2022.02.04"]
[Round "1.1"]
[White "Fedoseev,Vl3"]
[Black "Oparin,G"]
[Result "1-0"]
[WhiteElo "2704"]
[BlackElo "2681"]

1.d4 Nf6 2.c4 e6 3.g3 d5 4.Bg2 Be7 5.Nf3 O-O 6.O-O dxc4 7.Qc2 b5 8.a4 Bb7
9.axb5 a6 10.Nc3 axb5 11.Rxa8 Bxa8 12.Nxb5 Bd5 13.Rd1 c5 14.dxc5 Qa5 15.Nfd4 Bxc5
16.Bxd5 exd5 17.b3 Rc8 18.bxc4 Bxd4 19.Nxd4 Rxc4 20.Qb1 Nbd7 21.Bb2 Qb4 22.Nf5 h5
23.Ne3 Re4 24.Qa1 h4 25.Bd4 h3 26.f3 Re8 27.Kf2 Qe7 28.Qc3 Qe6 29.Rc1 Qe7
30.Rc2 Rb8 31.Qa1 Re8 32.Qc3 Qd6 33.Qd3 Qb4 34.Qd2 Qb1 35.Rc1 Qg6 36.Qc2 Qh6
37.Qf5 Nf8 38.Rc2 N6d7 39.Qxd5 Qg6 40.Rc1 Qa6 41.Ra1 Qg6 42.Rd1 Qa6 43.Qf5 Qa4
44.Qg4 f6 45.Ra1 Qb5 46.Ra7 Ne6 47.Nf5 Ng5 48.Be3  1-0

[Event "FIDE Grand Prix 1 Pool D"]
[Site "Berlin GER"]
[Date "2022.02.05"]
[Round "2.2"]
[White "Harikrishna,P"]
[Black "So,W"]
[Result "1/2-1/2"]
[WhiteElo "2717"]
[BlackElo "2772"]

1.e4 e5 2.Nf3 Nc6 3.Bb5 Nf6 4.O-O Nxe4 5.Re1 Nd6 6.a4 Be7 7.Nc3 a6 8.Bf1 e4
9.Nxe4 Nxe4 10.Rxe4 d5 11.Re1 Bg4 12.h3 Bh5 13.Be2 O-O 14.d4 Bd6 15.Ne5 Bxe2
16.Rxe2 Nxe5 17.dxe5 Be7 18.Rd2 c6 19.c4 Qa5 20.cxd5 cxd5 21.Rd3 Rfd8 22.Be3 Rac8
23.Qb3 Qb4 24.Qxb4 Bxb4 25.Rad1 Kf8 26.Rxd5 Rxd5 27.Rxd5 Ke7 28.Rd4 a5 29.Rh4 h6
30.Rg4 Kf8 31.Kf1 Rc2 32.b3 Bc5 33.Re4 Bxe3 34.Rxe3 Ke7 35.f4 g6 36.Rd3 b5
37.axb5 Rc5 38.Kf2 Rxb5 39.Kf3 h5 40.g4 hxg4+ 41.hxg4 Ke6 42.Kg3 g5 43.fxg5 Rxe5
44.Kh4 Ke7 45.Rf3 Re4 46.g6 fxg6 47.Kg5 a4 48.bxa4 Rxa4 49.Kxg6  1/2-1/2

[Event "FIDE Grand Prix 1 Pool A"]
[Site "Berlin GER"]
[Date "2022.02.05"]
[Round "2.1"]
[White "Bacrot,E"]
[Black "Grischuk,A"]
[Result "1/2-1/2"]
[WhiteElo "2642"]
[BlackElo "2764"]

1.e4 d6 2.d4 Nf6 3.Nc3 g6 4.Nf3 Bg7 5.Be2 O-O 6.O-O a6 7.a4 b6 8.Re1 e6 9.e5 dxe5
10.Nxe5 Bb7 11.Bf3 Qc8 12.Bg5 Nfd7 13.Bf4 Rd8 14.Ng4 Rf8 15.d5 h5 16.Ne5 Nxe5
17.Bxe5 f6 18.d6 fxe5 19.d7 Nxd7 20.Bxb7 Qxb7 21.Qxd7 Qc8 22.Qc6 Rf7 23.Rad1 Qe8
24.Qe4 Rf4 25.Qb7 Rc4 26.Qf3 Rd8 27.Rxd8 Qxd8 28.Qe2 Rd4 29.Qxa6 Rd2 30.Qc4 Qd4
31.Qxe6+ Kh7 32.Qf7 Qf4 33.Qxf4 exf4 34.Rc1 Bxc3 35.bxc3  1/2-1/2

[Event "FIDE Grand Prix 1 Pool B"]
[Site "Berlin GER"]
[Date "2022.02.05"]
[Round "2.2"]
[White "Rapport,R"]
[Black "Fedoseev,Vl3"]
[Result "1-0"]
[WhiteElo "2763"]
[BlackElo "2704"]

1.d4 Nf6 2.c4 e6 3.Nc3 Bb4 4.Qc2 O-O 5.a3 Bxc3+ 6.Qxc3 b6 7.Bg5 Bb7 8.Nh3 h6
9.Bh4 d6 10.f3 Nbd7 11.e4 c5 12.Nf2 Re8 13.dxc5 Nxc5 14.Bxf6 Qxf6 15.Qxf6 gxf6
16.b4 Nb3 17.Rd1 a5 18.Rxd6 axb4 19.axb4 Ra1+ 20.Rd1 Rea8 21.Be2 Nc1 22.Ng4 R8a2
23.Nxf6+ Kf8 24.Kf2 Rxe2+ 25.Kg3 Rc2 26.Kh4 Kg7 27.Nh5+ Kg6 28.Rd8 Ra8 29.Rhd1 Rxc4
30.Rxa8 Bxa8 31.Rd8 Bxe4 32.g4 Kh7 33.fxe4 e5 34.Nf6+ Kg6 35.Rd6 Ne2 36.Ng8+ Kg7
37.Nxh6 Rxe4 38.Nf5+ Kh7 39.Rh6+ Kg8 40.Rxb6 Nf4 41.Kg5 f6+ 42.Kh6 Re2 43.h4 Kf7
44.b5 Rb2 45.Rb8 Nd5 46.h5 e4 47.Nd6+ Ke7 48.Nxe4 Rb4 49.b6 f5 50.gxf5 Rxe4
51.b7 Nf6 52.Rd8  1-0

[Event "FIDE Grand Prix 1 Pool B"]
[Site "Berlin GER"]
[Date "2022.02.05"]
[Round "2.1"]
[White "Wojtaszek,R"]
[Black "Oparin,G"]
[Result "1/2-1/2"]
[WhiteElo "2686"]
[BlackElo "2681"]

1.c4 Nf6 2.Nc3 c5 3.g3 e6 4.Nf3 d5 5.cxd5 exd5 6.d4 Nc6 7.Bg2 cxd4 8.Nxd4 Bc5
9.Nb3 Bb6 10.Na4 O-O 11.Nxb6 axb6 12.Be3 h5 13.O-O h4 14.gxh4 Bg4 15.f3 Bf5
16.Nd4 Bg6 17.Qd2 Re8 18.Rfe1 Nh5 19.Bf2 Qf6 20.Qg5 Nxd4 21.Qxf6 Nxe2+ 22.Rxe2 gxf6
23.Rxe8+ Rxe8 24.Bxb6 Re2 25.Bd4 Rc2 26.Bf1 Nf4 27.Bxf6 Bd3 28.Bxd3 Nxd3
29.Rd1 Nf4 30.Kf1 Kh7 31.Be5 Ng2 32.Rd3 Nxh4 33.Rxd5 Nxf3 34.Bc3 Kg6 35.h3 f5
36.Rd3 Ng5 37.Rd6+ Kh5 38.Rf6 Ne4 39.Rxf5+ Kg6 40.Rb5 Nxc3 41.bxc3 Rxc3  1/2-1/2

[Event "FIDE Grand Prix 1 Pool D"]
[Site "Berlin GER"]
[Date "2022.02.05"]
[Round "2.1"]
[White "Shirov,A"]
[Black "Dominguez Perez,L"]
[Result "0-1"]
[WhiteElo "2704"]
[BlackElo "2752"]

1.e4 c5 2.Nc3 d6 3.d4 cxd4 4.Qxd4 Nc6 5.Qd2 g6 6.b3 Bh6 7.f4 Nf6 8.Bb2 O-O
9.O-O-O e5 10.g3 Re8 11.Kb1 Nd4 12.Bg2 Bg4 13.Rf1 d5 14.h3 Be6 15.g4 Nxe4
16.Nxe4 dxe4 17.Bxe4 Rc8 18.Qd3 Qa5 19.f5 Bd5 20.Rh2 Bxe4 21.Qxe4 Nb5 22.Qxb7 Nd6
23.Qf3 e4 24.Qd1 Nb5 25.c4 Nc3+ 26.Bxc3 Qxc3 27.Rc2 Qe5 28.Qd5 Qf6 29.a3 Bg7
30.Ka2 Rcd8 31.Qa5 Rd3 32.Ne2 Rb8 33.b4 Rbd8 34.b5 e3 35.Rfc1 Rd2 36.Kb3 R8d3+
37.Rc3 Qd6 38.Qxa7 Rxe2  0-1

[Event "FIDE Grand Prix 1 Pool D"]
[Site "Berlin GER"]
[Date "2022.02.06"]
[Round "3.1"]
[White "Dominguez Perez,L"]
[Black "Harikrishna,P"]
[Result "1/2-1/2"]
[WhiteElo "2752"]
[BlackElo "2717"]

1.e4 c6 2.d4 d5 3.e5 Bf5 4.Nd2 e6 5.Nb3 Nd7 6.Nf3 Qc7 7.Be2 c5 8.dxc5 Bxc5
9.Nxc5 Nxc5 10.Be3 Ne7 11.Nd4 a6 12.a4 Rc8 13.f4 Be4 14.O-O Nf5 15.Nxf5 exf5
16.c3 O-O 17.a5 Qc6 18.Bd4 h6 19.Rf2 Ne6 20.Ra4 Qc7 21.Bb6 Qe7 22.Bf3 Rc6
23.g3 f6 24.Bxe4 dxe4 25.exf6 Qxf6 26.Qd5 Qf7 27.Rc4 Rxc4 28.Qxc4 Qd7 29.Be3 Qd1+
30.Rf1 Qd7 31.Rf2 Qd1+ 32.Rf1 Qd7 33.Rf2  1/2-1/2

[Event "FIDE Grand Prix 1 Pool D"]
[Site "Berlin GER"]
[Date "2022.02.06"]
[Round "3.2"]
[White "So,W"]
[Black "Shirov,A"]
[Result "1-0"]
[WhiteElo "2772"]
[BlackElo "2704"]

1.c4 c6 2.Nf3 d5 3.d4 Nf6 4.e3 Bf5 5.Nc3 e6 6.Nh4 Be4 7.f3 Bg6 8.Bd2 dxc4
9.Bxc4 b5 10.Bb3 Bd3 11.Bc1 Bc4 12.Bxc4 bxc4 13.g3 c5 14.Qa4+ Nbd7 15.Qxc4 cxd4
16.Qxd4 Bc5 17.Qc4 Rc8 18.Qe2 Ne5 19.O-O Qd3 20.Qxd3 Nxd3 21.Ng2 Ke7 22.Rd1 Rhd8
23.Kf1 Bb4 24.Ne2 Ne5 25.Rxd8 Rxd8 26.Nd4 Bc5 27.Nb3 Bb6 28.Ke2 Nd5 29.e4 Nb4
30.Bd2 a5 31.Bc3 Nc4 32.a4 Nd3 33.Rb1 f6 34.Ne1 Nde5 35.Rc1 g5 36.f4 gxf4
37.gxf4 Ng6 38.Nd3 Be3 39.Rf1 Bb6 40.f5 exf5 41.Rxf5 Rd6 42.Rh5 Re6 43.Rxh7+ Kd6
44.Kf3 Kc6 45.Nf4 Nxf4 46.Kxf4 Rd6 47.Rf7 Ne5 48.Rg7 Rd1 49.Nxa5+ Kd6 50.Bb4+  1-0

[Event "FIDE Grand Prix 1 Pool B"]
[Site "Berlin GER"]
[Date "2022.02.06"]
[Round "3.1"]
[White "Oparin,G"]
[Black "Rapport,R"]
[Result "1/2-1/2"]
[WhiteElo "2681"]
[BlackElo "2763"]

1.e4 c5 2.Nf3 d6 3.d4 cxd4 4.Nxd4 Nf6 5.Nc3 Nc6 6.Bg5 e6 7.Qd2 Qb6 8.Nb3 a6
9.Be2 Be7 10.g4 Qc7 11.O-O-O b5 12.a3 Rb8 13.Rhe1 O-O 14.f4 b4 15.axb4 Rxb4
16.Bxf6 Bxf6 17.g5 Bd4 18.Kb1 Qb6 19.Na2 Be3 20.Qxd6 Rxe4 21.Rf1 g6 22.Bf3 Bxf4
23.Qd3 Re3 24.Qc4 Rxf3 25.Rxf3 Bxg5 26.Rff1 Ne7 27.Qb4 Qxb4 28.Nxb4 Nf5 29.Rfe1 Bf4
30.Nc5 Bxh2 31.Nbxa6 g5 32.b4 g4 33.b5 h5 34.Rh1 g3 35.Rd2 h4 36.b6 Kg7 37.b7 Bxb7
38.Nxb7 h3 39.Rdxh2 gxh2 40.Nbc5 Ng3 41.Rxh2 Rh8 42.Nd3 Nf1 43.Rh1 h2 44.Rxf1 h1=Q
45.Rxh1 Rxh1+ 46.Kb2 Kf6 47.c4 e5 48.Nab4 e4 49.Nd5+ Ke6 50.N3f4+ Ke5 51.Ne2 Rh2
52.Nf4 Rf2 53.c5 Rf3 54.Ka2 f5 55.Kb2 Rxf4 56.Nxf4 Kxf4 57.c6 e3 58.Kc2 Kf3
59.c7 e2 60.c8=Q e1=Q  1/2-1/2

[Event "FIDE Grand Prix 1 Pool B"]
[Site "Berlin GER"]
[Date "2022.02.06"]
[Round "3.2"]
[White "Fedoseev,Vl3"]
[Black "Wojtaszek,R"]
[Result "1/2-1/2"]
[WhiteElo "2704"]
[BlackElo "2686"]

1.e4 c5 2.Nc3 d6 3.d4 cxd4 4.Qxd4 Nc6 5.Qd2 g6 6.b3 Bh6 7.f4 f5 8.Bb2 Nf6
9.O-O-O Rf8 10.g3 fxe4 11.Bg2 Qa5 12.Nxe4 Qxd2+ 13.Nxd2 Ng4 14.Ne4 Bf5 15.Rd2 O-O-O
16.Ne2 Ne3 17.Bf3 d5 18.N4c3 d4 19.Nd1 Nxd1 20.Rhxd1 e5 21.h3 exf4 22.gxf4 d3
23.cxd3 Nb4 24.Bg4 Bxg4 25.hxg4 Rxf4 26.Bg7 Bxg7 27.Nxf4 Bh6 28.Ne6 Bxd2+
29.Rxd2 Rxd3 30.Rh2 Rd6 31.Nf8 h5 32.gxh5 gxh5 33.Rxh5 Nxa2+ 34.Kb1 Nb4 35.Nh7 Rd3
36.Kb2 b6 37.Nf6 Kb7 38.Rh7+ Ka6 39.Ne4 Nc6 40.Rh6 Kb7  1/2-1/2

[Event "FIDE Grand Prix 1 Pool A"]
[Site "Berlin GER"]
[Date "2022.02.06"]
[Round "3.2"]
[White "Esipenko,Andrey"]
[Black "Bacrot,E"]
[Result "1-0"]
[WhiteElo "2714"]
[BlackElo "2642"]

1.e4 e6 2.d4 d5 3.Nc3 Nf6 4.e5 Nfd7 5.f4 c5 6.Nf3 Nc6 7.Be3 a6 8.a3 cxd4
9.Nxd4 Bc5 10.Qd2 O-O 11.O-O-O Rb8 12.h4 Bxd4 13.Bxd4 b5 14.Rh3 Qc7 15.b4 f6
16.exf6 Nxd4 17.Qxd4 Rxf6 18.Ne2 Nb6 19.Rc3 Nc4 20.g3 Bd7 21.Ng1 Be8 22.Re1 a5
23.Nf3 axb4 24.axb4 Qe7 25.Rb3 Ra8 26.Qc5 Qb7 27.Bxc4 bxc4 28.Rb1 Bg6 29.b5 Be4
30.Nd4 Rc8 31.Nc6 Rf7 32.Ra1 Rfc7 33.Ra6 Qxa6 34.bxa6 Rxc6 35.Qb5 Rc5 36.Qd7 c3  1-0

[Event "FIDE Grand Prix 1 Pool B"]
[Site "Berlin GER"]
[Date "2022.02.07"]
[Round "4.1"]
[White "Oparin,G"]
[Black "Fedoseev,Vl3"]
[Result "0-1"]
[WhiteElo "2681"]
[BlackElo "2704"]

1.e4 c5 2.Nf3 Nc6 3.Nc3 e5 4.Bc4 d6 5.d3 Be7 6.a4 Nf6 7.Bg5 Nd7 8.Bd2 O-O
9.Nd5 Nb6 10.Nxb6 axb6 11.c3 Kh8 12.b4 Qe8 13.b5 Nd8 14.h4 f5 15.h5 Be6 16.Qb3 Qd7
17.Kd1 fxe4 18.dxe4 Bxc4 19.Qxc4 Qg4 20.Qd3 c4 21.Qe3 Ne6 22.Rg1 Nf4 23.Kc1 Qxh5
24.Kc2 Qg6 25.g3 Nd3 26.Nh4 Qe6 27.Nf5 Rxf5 28.exf5 Qxf5 29.g4 Nb4+ 30.Kd1 Qc2+
31.Ke1 Qb2 32.Rc1 Nd3+ 33.Ke2 Rf8 34.f3 e4 35.Rh1 d5 36.fxe4 Rf2+ 37.Kd1 Qb3+
38.Rc2 Qb1+ 39.Rc1 Nxc1 40.Qxf2 Nd3+ 41.Ke2 Qxh1  0-1

[Event "FIDE Grand Prix 1 Pool B"]
[Site "Berlin GER"]
[Date "2022.02.07"]
[Round "4.2"]
[White "Rapport,R"]
[Black "Wojtaszek,R"]
[Result "1/2-1/2"]
[WhiteElo "2763"]
[BlackElo "2686"]

1.d4 Nf6 2.c4 e6 3.Bf4 d5 4.cxd5 exd5 5.e3 Bd6 6.Bxd6 Qxd6 7.Bd3 O-O 8.Nc3 Bg4
9.Qb3 Nbd7 10.h3 Be6 11.Nf3 c5 12.Qa3 Rfc8 13.O-O Qf8 14.dxc5 Nxc5 15.Ne2 Bd7
16.Nfd4 Ne6 17.Qb3 Rc7 18.Rad1 Nxd4 19.Nxd4 Rac8 20.a3 Qc5 21.Ne2 a6 22.Nd4 Qa5
23.Ra1 h6 24.Qb4 Qxb4 25.axb4 Kf8 26.g4 Ne4 27.Rfd1 h5 28.Kg2 hxg4 29.hxg4 Nd6
30.Be2 Nc4 31.b3 Ne5 32.Kg3 Rc3 33.b5 axb5 34.Ra7 Nc6 35.Rxb7 Nxd4 36.Rxd4 Bc6
37.Ra7 Rxb3 38.g5 g6 39.Bf3 Rc3 40.Rf4 Be8 41.Bxd5 R8c7 42.Ra8 Rc8 43.Ra7 R8c7
44.Rxc7 Rxc7 45.Rf6 b4 46.e4 Bb5 47.Rb6 Bc4 48.Rxb4 Bxd5 49.exd5 Rc5 50.Rd4 Ke7
51.d6+ Kd7 52.Kg4 Rc1 53.Kf4 Re1 54.Kg4 Rg1+ 55.Kf4 Re1 56.Rd5 Re6 57.f3 Rxd6  1/2-1/2

[Event "FIDE Grand Prix 1 Pool C"]
[Site "Berlin GER"]
[Date "2022.02.07"]
[Round "4.2"]
[White "Vidit,S"]
[Black "Aronian,L"]
[Result "1/2-1/2"]
[WhiteElo "2727"]
[BlackElo "2772"]

1.c4 Nf6 2.g3 e6 3.Bg2 d5 4.Nf3 dxc4 5.Qa4+ Nbd7 6.Qxc4 a6 7.Qc2 c5 8.Nc3 Qc7
9.d4 b5 10.Bf4 Qa7 11.d5 Nxd5 12.Nxd5 exd5 13.a4 Be7 14.axb5 Qb6 15.Ne5 Nxe5
16.Bxd5 Bb7 17.Qe4 Bxd5 18.Qxd5 O-O 19.Bxe5 Qxb5 20.O-O Rfe8 21.Bc3 a5 22.e3 a4
23.Rfd1 Qb3 24.Ra3 Qxd5 25.Rxd5 c4 26.Ra2 Rec8 27.Kf1 a3 28.bxa3 Rxa3 29.Rxa3 Bxa3
30.Ke2 Be7 31.Rd7 Bf6 32.Bxf6 gxf6 33.Kd2 Ra8 34.Kc3 Ra3+ 35.Kb2 Rb3+ 36.Kc2 Ra3
37.Kb2 Rb3+ 38.Kc2 Ra3  1/2-1/2

[Event "FIDE Grand Prix 1 Pool D"]
[Site "Berlin GER"]
[Date "2022.02.07"]
[Round "4.2"]
[White "Harikrishna,P"]
[Black "Shirov,A"]
[Result "1/2-1/2"]
[WhiteElo "2717"]
[BlackElo "2704"]

1.e4 e5 2.Nf3 Nc6 3.Bb5 a6 4.Ba4 Nf6 5.O-O Be7 6.Re1 b5 7.Bb3 O-O 8.a4 b4
9.d3 d6 10.Nbd2 Na5 11.Ba2 Re8 12.c3 Rb8 13.Nc4 Nxc4 14.Bxc4 bxc3 15.bxc3 c6
16.h3 d5 17.Ba2 Bd6 18.Bg5 Be6 19.Qc2 h6 20.Bh4 dxe4 21.dxe4 Bc7 22.Red1 Qe7
23.Bxe6 Qxe6 24.Bxf6 Qxf6 25.Rd7 Re7 26.Rd3 Qe6 27.Qe2 Qb3 28.Rad1 Qb2 29.R3d2 Qxc3
30.Qxa6 g6 31.Qe2 Qb4 32.Ra2 Rd8 33.Rc1 Re6 34.Qc4 Rd1+ 35.Kh2 Qxc4 36.Rxc4 Ba5
37.g3 f5 38.Re2 fxe4 39.Rcxe4 c5 40.Rxe5 Rxe5 41.Nxe5 Ra1 42.Re4 Kg7 43.Nd3 Ra3
44.Nxc5 Bb6 45.Ne6+ Kf7 46.Nf4 Bxf2 47.Ne2 Be1 48.Kg2 h5 49.g4 hxg4 50.hxg4 Kf6
51.Nf4 Ba5 52.Kf2 Kg5 53.Ne6+ Kh4 54.g5+ Kh5 55.Ke2 Ra2+ 56.Kd3 Ra3+ 57.Kc2 Rc3+
58.Kd1 Ra3 59.Kc2 Rc3+ 60.Kb2 Rg3 61.Ng7+ Kxg5 62.Re5+ Kf6 63.Rxa5 Kxg7 64.Rc5 Rf3
65.a5 Kh6 66.a6 g5 67.Ra5 Rf8 68.Kc3 Kh5 69.a7 Ra8 70.Kd4 Kh4 71.Kc5 g4 72.Kb6 g3
73.Ra2 Kh3 74.Kb7 Rxa7+ 75.Kxa7 g2 76.Rxg2 Kxg2  1/2-1/2

[Event "FIDE Grand Prix 1 Pool A"]
[Site "Berlin GER"]
[Date "2022.02.07"]
[Round "4.1"]
[White "Grischuk,A"]
[Black "Esipenko,Andrey"]
[Result "1/2-1/2"]
[WhiteElo "2764"]
[BlackElo "2714"]

1.d4 Nf6 2.c4 e6 3.Nc3 Bb4 4.e3 O-O 5.a3 Bxc3+ 6.bxc3 c5 7.Bd3 Nc6 8.Nf3 d5
9.O-O dxc4 10.Bxc4 Qc7 11.h3 b6 12.Bb2 e5 13.Be2 Rd8 14.Qc2 Bb7 15.Rfd1 Rac8
16.dxc5 bxc5 17.c4 Rxd1+ 18.Rxd1 Re8 19.Nh2 Nb8 20.Ng4 Nbd7 21.Qf5 Re6 22.Qd3 Qc6
23.Nxf6+ Nxf6 24.Bf1 Qa4 25.Rd2 Re8 26.Qc2 Qa5 27.Rd1 Be4 28.Qc3 Qb6 29.Ba1 h6
30.f3 Bc6 31.Rd6 Qc7 32.Qd2 Nd7 33.Bc3 Nb6 34.Ba5 Kf8 35.Qd1 Ke7 36.Rd2 Rd8
37.Rxd8 Qxd8 38.Qb1 e4 39.f4 f6 40.Be2 Kd7 41.Qd1+  1/2-1/2

[Event "FIDE Grand Prix 1 Pool D"]
[Site "Berlin GER"]
[Date "2022.02.07"]
[Round "4.1"]
[White "Dominguez Perez,L"]
[Black "So,W"]
[Result "0-1"]
[WhiteElo "2752"]
[BlackElo "2772"]

1.e4 e5 2.Nf3 Nc6 3.Bc4 Bc5 4.O-O Nf6 5.d3 d6 6.c3 a5 7.Re1 Ba7 8.Nbd2 O-O
9.h3 Be6 10.Bb5 Ne7 11.d4 Ng6 12.Ba4 Nh5 13.Nf1 Nhf4 14.Ng3 exd4 15.Nxd4 Bxd4
16.cxd4 d5 17.Qf3 Qf6 18.Bd1 Qh4 19.Bd2 c6 20.Rc1 f5 21.exf5 Bxf5 22.Nxf5 Rxf5
23.Qg3 Qxg3 24.fxg3 Nd3 25.Bc2 Rf2 26.Bxd3 Rxd2 27.Bxg6 hxg6 28.Re7 Rxb2
29.Rce1 Rf8 30.Rd7 Rff2 31.Ree7 Rxg2+ 32.Kf1 Kh7 33.h4 Kh6 34.Re5 Rbf2+ 35.Ke1 Rxa2
36.Kf1 Rh2 37.Kg1 Rag2+ 38.Kf1 Rb2 39.Kg1 Rhd2  0-1

[Event "FIDE Grand Prix 1 Pool A"]
[Site "Berlin GER"]
[Date "2022.02.09"]
[Round "5.2"]
[White "Bacrot,E"]
[Black "Esipenko,Andrey"]
[Result "0-1"]
[WhiteElo "2642"]
[BlackElo "2714"]

1.e4 e5 2.Nf3 Nc6 3.Bb5 a6 4.Ba4 Nf6 5.O-O Be7 6.Re1 b5 7.Bb3 O-O 8.a4 b4
9.d4 d6 10.dxe5 Nxe5 11.Nxe5 dxe5 12.Qxd8 Rxd8 13.Nd2 Bc5 14.Nf3 Re8 15.Be3 Bxe3
16.Rxe3 Bb7 17.Rd1 Kf8 18.Nd2 Red8 19.f3 a5 20.Bc4 Bc6 21.b3 Nd7 22.Be2 Nc5
23.Kf2 f6 24.c3 Be8 25.Ke1 Bf7 26.cxb4 axb4 27.Bc4 Rd4 28.Rc1 Bxc4 29.Rxc4 Rxc4
30.Nxc4 Rd8 31.g3 Ke7 32.Ke2 Rd4 33.Nd2 g5 34.Kd1 h5 35.Kc2 g4 36.f4 exf4
37.gxf4 h4 38.a5 Kd7 39.Kd1 g3 40.hxg3 hxg3 41.Kc2 g2 42.Re1 Nd3 43.Ra1 Nxf4
44.a6 Kc6  0-1

[Event "FIDE Grand Prix 1 Pool B"]
[Site "Berlin GER"]
[Date "2022.02.09"]
[Round "5.2"]
[White "Wojtaszek,R"]
[Black "Fedoseev,Vl3"]
[Result "1/2-1/2"]
[WhiteElo "2686"]
[BlackElo "2704"]

1.d4 Nf6 2.c4 e6 3.Nf3 d5 4.Nc3 Be7 5.Bf4 O-O 6.e3 Nbd7 7.a3 c5 8.cxd5 Nxd5
9.Nxd5 exd5 10.dxc5 Nxc5 11.Be2 Bf5 12.O-O Bf6 13.Be5 Rc8 14.Bxf6 Qxf6 15.Nd4 Ne6
16.Nxf5 Qxf5 17.Bg4 Qe5 18.Qb3 Rc4 19.Bf3 Nc5 20.Qd1 Rd8 21.Be2 Rh4 22.g3 Rh6
23.Qd4 Qxd4 24.exd4 Nb3 25.Rad1 Rc6 26.Rd3 Nc1 27.Rd2 Nb3 28.Rd3 Nc1 29.Rd2 Nb3
30.Rd3 Nc1  1/2-1/2

[Event "FIDE Grand Prix 1 Pool D"]
[Site "Berlin GER"]
[Date "2022.02.09"]
[Round "5.2"]
[White "Shirov,A"]
[Black "So,W"]
[Result "1/2-1/2"]
[WhiteElo "2704"]
[BlackElo "2772"]

1.e4 e5 2.Nf3 Nc6 3.Bb5 Nf6 4.O-O Nxe4 5.d4 Nd6 6.Bxc6 dxc6 7.dxe5 Nf5 8.Qxd8+ Kxd8
9.h3 Ke8 10.Nc3 h5 11.Bf4 Bb4 12.Ne2 Be6 13.Ned4 Nxd4 14.Nxd4 Bd5 15.a3 Be7
16.Nf5 Be4 17.Nxe7 Kxe7 18.Rac1 Ke6 19.f3 Bg6 20.Bg5 h4 21.Rfd1 Kf5 22.Bd2 Rad8
23.Be1 Rxd1 24.Rxd1 Ke6 25.c4 Bc2 26.Rd4 c5 27.Rg4 Rh7 28.f4 Kf5 29.Bc3 Ke6
30.Be1 Kf5 31.Bc3 Ke6  1/2-1/2

[Event "FIDE Grand Prix 1 Pool B"]
[Site "Berlin GER"]
[Date "2022.02.10"]
[Round "6.1"]
[White "Oparin,G"]
[Black "Wojtaszek,R"]
[Result "1/2-1/2"]
[WhiteElo "2681"]
[BlackElo "2686"]

1.Nf3 d5 2.c4 d4 3.b4 c5 4.e3 Nf6 5.b5 Qc7 6.exd4 cxd4 7.Bb2 e5 8.Qe2 Bd6
9.Nxd4 O-O 10.Nc2 Nbd7 11.Nc3 Nc5 12.Ne3 Be6 13.Qd1 e4 14.Ncd5 Nxd5 15.cxd5 Bd7
16.Rc1 Rae8 17.Bd4 b6 18.Nc4 Nd3+ 19.Bxd3 exd3+ 20.Ne3 Qd8 21.g3 Re4 22.Ba1 f5
23.Qb3 Qe8 24.Rc6 Bxc6 25.dxc6+ Qe6 26.Qxd3 Bc5 27.Qb3 Qxb3 28.axb3 Rb4 29.Ke2 Rxb5
30.d4 Bd6 31.Rd1 f4 32.Nc4 f3+ 33.Kd3 Bb8 34.Kc2 Rd8 35.Ne3 Kf7 36.d5 Rc5+
37.Kb1 Rb5 38.Kc2 Rc5+ 39.Kb1 Rb5  1/2-1/2

[Event "FIDE Grand Prix 1 Pool D"]
[Site "Berlin GER"]
[Date "2022.02.10"]
[Round "6.2"]
[White "So,W"]
[Black "Harikrishna,P"]
[Result "1/2-1/2"]
[WhiteElo "2772"]
[BlackElo "2717"]

1.d4 Nf6 2.c4 e6 3.Nf3 d5 4.g3 Bb4+ 5.Bd2 a5 6.Bg2 O-O 7.Qc2 c5 8.cxd5 cxd4
9.Nxd4 Qb6 10.e3 exd5 11.O-O Nc6 12.Nxc6 bxc6 13.Rc1 Rb8 14.Bxb4 Qxb4 15.b3 Be6
16.Nc3 c5 17.Ne2 Rfc8 18.Nf4 c4 19.bxc4 Rxc4 20.Qd1 Qc5 21.Nxe6 fxe6 22.Bf1 Rc3
23.Rxc3 Qxc3 24.Rc1 Qb2 25.Rc2 Qb6 26.Qc1 e5 27.Rc6 Qd8 28.Qc3 e4 29.a4 Qd7
30.Bb5 Qg4 31.Qxa5 Qd1+ 32.Bf1 Rb1 33.Qa6 h5 34.Rb6 Ra1 35.Rxf6 gxf6 36.Qe6+  1/2-1/2

[Event "FIDE Grand Prix 1 Pool D"]
[Site "Berlin GER"]
[Date "2022.02.10"]
[Round "6.1"]
[White "Dominguez Perez,L"]
[Black "Shirov,A"]
[Result "1-0"]
[WhiteElo "2752"]
[BlackElo "2704"]

1.e4 e5 2.Nf3 Nc6 3.Bc4 Nf6 4.d3 h6 5.O-O d6 6.c3 g5 7.Nbd2 Bg7 8.Bb3 g4
9.Ne1 h5 10.f4 exf4 11.Rxf4 d5 12.Rf1 Be6 13.d4 dxe4 14.Qe2 Qd7 15.Nxe4 Nxe4
16.Qxe4 O-O-O 17.Nc2 Bxb3 18.axb3 Rde8 19.Qf5 Qxf5 20.Rxf5 f6 21.Bf4 Re2
22.Ne3 Rxb2 23.b4 b6 24.Nd5 h4 25.Re1 h3 26.gxh3 Rxh3 27.Bg3 a5 28.bxa5 bxa5
29.Ne7+ Nxe7 30.Rxe7 Bh6 31.Rxc7+ Kb8 32.Re7+ Rxg3+ 33.hxg3  1-0